Rapid test sociálnej rizikovosti rodiny

Chybné rozhodnutia sociálnych pracovníkov dokážu fatálne ovplyvniť život dieťaťa a jeho rodiny. Cieľom príspevku je prezentovať proces tvorby, testovania konštruktovej a obsahovej validizácie nového rapid testu sociálnej rizikovosti rodiny. Test je primárne určený sociálnym pracovníkom, pôsobiacim v...

Ausführliche Beschreibung

Gespeichert in:
Bibliographische Detailangaben
1. Verfasser: Mydlíková, Eva
Weitere Verfasser: Patyi, Peter
Format: Buchkapitel
Sprache:Slowakisch
Schlagworte:
Tags: Tag hinzufügen
Keine Tags, Fügen Sie das erste Tag hinzu!

MARC

LEADER 00000naa a2200000 4500
001 0279004
005 20211019110423.8
041 0 |a slo 
044 |a CZ 
245 1 0 |a Rapid test sociálnej rizikovosti rodiny  |c Eva Mydlíková, Peter Patyi 
520 |a Chybné rozhodnutia sociálnych pracovníkov dokážu fatálne ovplyvniť život dieťaťa a jeho rodiny. Cieľom príspevku je prezentovať proces tvorby, testovania konštruktovej a obsahovej validizácie nového rapid testu sociálnej rizikovosti rodiny. Test je primárne určený sociálnym pracovníkom, pôsobiacim v oblasti sociálnoprávnej ochrany detí, a pomocou neho by mali byť schopní urobiť rýchly a relatívne objektívny odhad sociálneho rizika rodiny v aktuálnej situácii. 
610 2 0 |a pracovníci sociálni 
610 2 0 |a práca sociálna 
610 2 0 |a rodina 
610 2 0 |a ochrana sociálna 
610 2 0 |a deti 
610 2 0 |a testy psychologické 
100 1 |a Mydlíková, Eva 
700 1 |a Patyi, Peter